[Event "Benidorm 2008 - 5. Open Master"]
[Site "Benidorm ESP"]
[Date "2008.12.05"]
[Round "1.1"]
[White "Daneri, Martin"]
[Black "Dreev, Alexey"]
[Result "0-1"]
[WhiteElo "2174"]
[BlackElo "2670"]
[PlyCount "90"]
[EventDate "2008.12.05"]
[EventType "swiss (rapid)"]
[EventRounds "11"]
[EventCountry "ESP"]
[Source "lmi"]
[SourceDate "2008.12.05"]

1. d4 d5 2. Nf3 Nf6 3. Bf4 Bg4 4. Ne5 Bf5 5. e3 Nbd7 6. g4 Be6 7. g5 Nxe5 8.
dxe5 Nd7 9. Bd3 c6 10. Bg3 g6 11. Nd2 Bg7 12. f4 Qb6 13. Qe2 f6 14. exf6 exf6
15. e4 O-O 16. gxf6 Nxf6 17. e5 Bg4 18. Qf2 Nh5 19. O-O Qxf2+ 20. Rxf2 g5 21.
fxg5 Nxg3 22. hxg3 Bxe5 23. c3 Bd6 24. Rxf8+ Rxf8 25. Kg2 Re8 26. Rh1 Re3 27.
Bxh7+ Kg7 28. Nb3 Bf3+ 29. Kf2 Bxh1 30. Kxe3 Kxh7 31. Kf2 c5 32. Nd2 Kg6 33.
Nf1 Kxg5 34. Ne3 Be4 35. a3 a5 36. Nf1 Be5 37. Nd2 Kf5 38. Nb3 b6 39. Nd2 a4
40. Nf1 d4 41. c4 Bd3 42. Nd2 Kg4 43. b3 axb3 44. Nxb3 Bxg3+ 45. Kg1 Bxc4 0-1

[Event "Benidorm 2008 - 5. Open Master"]
[Site "Benidorm ESP"]
[Date "2008.12.05"]
[Round "1.2"]
[White "Delchev, Aleksander"]
[Black "Perez Aleman, Pedro Tomas"]
[Result "1-0"]
[WhiteElo "2632"]
[BlackElo "2174"]
[PlyCount "59"]
[EventDate "2008.12.05"]
[EventType "swiss (rapid)"]
[EventRounds "11"]
[EventCountry "ESP"]
[Source "lmi"]
[SourceDate "2008.12.05"]

1. e4 c5 2. Nf3 Nc6 3. Bb5 Qc7 4. O-O Nf6 5. Nc3 Nd4 6. Re1 e5 7. Bc4 Be7 8. d3
h6 9. Nd2 g5 10. Nf1 a6 11. Ne3 d6 12. Ncd5 Nxd5 13. Bxd5 Be6 14. c3 Nc6 15. a3
O-O-O 16. b4 Bf6 17. Qb3 Rhe8 18. Rb1 cxb4 19. axb4 Na7 20. c4 Re7 21. b5 axb5
22. cxb5 b6 23. Ba3 Kd7 24. Rec1 Qb8 25. Bc6+ Nxc6 26. bxc6+ Kc7 27. Qb5 g4 28.
Bb4 Bg5 29. Ba5 Bxe3 30. fxe3 1-0

[Event "Benidorm 2008 - 5. Open Master"]
[Site "Benidorm ESP"]
[Date "2008.12.05"]
[Round "1.3"]
[White "Barbu, Nicolae"]
[Black "Felgaer, Ruben"]
[Result "0-1"]
[WhiteElo "2166"]
[BlackElo "2591"]
[PlyCount "90"]
[EventDate "2008.12.05"]
[EventType "swiss (rapid)"]
[EventRounds "11"]
[EventCountry "ESP"]
[Source "lmi"]
[SourceDate "2008.12.05"]

1. e4 c5 2. Nf3 e6 3. d3 Nc6 4. g3 g6 5. Bg2 Bg7 6. O-O Nge7 7. Nbd2 O-O 8. Nh4
d6 9. f4 Rb8 10. c3 f5 11. Ndf3 h6 12. exf5 gxf5 13. Be3 b5 14. a3 Qd7 15. h3
Bb7 16. g4 Nd5 17. Qd2 Nce7 18. Rae1 Rbe8 19. b4 Bxc3 20. Qf2 Bxe1 21. Rxe1
Nxe3 22. Qxe3 Nd5 23. Qd2 fxg4 24. hxg4 Nxf4 25. Bh1 Qg7 26. Kf2 Ng6 27. Nxg6
Qxg6 28. Kg3 Bxf3 29. Bxf3 Rf6 30. bxc5 dxc5 31. Be4 Qg5 32. Qxg5+ hxg5 33. Bc6
Rb8 34. Re5 b4 35. Rxg5+ Kf7 36. axb4 cxb4 37. Ra5 b3 38. Rxa7+ Kg8 39. Ra1 b2
40. Rb1 Rf7 41. d4 Rc7 42. d5 Kg7 43. Kf4 exd5 44. Bxd5 Rc1 45. Be4 Rb4 0-1

[Event "Benidorm 2008 - 5. Open Master"]
[Site "Benidorm ESP"]
[Date "2008.12.05"]
[Round "2.1"]
[White "Dreev, Alexey"]
[Black "Delorme, Axel"]
[Result "1-0"]
[WhiteElo "2670"]
[BlackElo "2415"]
[PlyCount "89"]
[EventDate "2008.12.05"]
[EventType "swiss (rapid)"]
[EventRounds "11"]
[EventCountry "ESP"]
[Source "lmi"]
[SourceDate "2008.12.05"]

1. d4 d5 2. c4 c6 3. Nf3 Nf6 4. e3 Bg4 5. h3 Bxf3 6. Qxf3 e6 7. Nc3 Nbd7 8. Bd3
Bb4 9. O-O O-O 10. Qd1 Qe7 11. Qb3 dxc4 12. Bxc4 Rab8 13. Bd2 e5 14. dxe5 Nxe5
15. Be2 Bd6 16. Rad1 Ned7 17. Qc2 Nc5 18. Bf3 Rfe8 19. Bc1 Rbd8 20. b3 Qe5 21.
g3 Nce4 22. Nxe4 Nxe4 23. Bxe4 Qxe4 24. Qxe4 Rxe4 25. Ba3 Re6 26. Rd3 Bc7 27.
Rxd8+ Bxd8 28. Rd1 Bb6 29. Rd7 h5 30. Bd6 g5 31. Bb8 a5 32. Rxb7 Bc5 33. Kf1
Bb4 34. Rd7 Re8 35. Ba7 Ra8 36. Ke2 Kf8 37. g4 hxg4 38. hxg4 Ke8 39. Rb7 Rd8
40. Rb8 Rxb8 41. Bxb8 Kd7 42. Kd3 Ke6 43. Bc7 f5 44. f3 Be1 45. Bd8 1-0

[Event "Benidorm 2008 - 5. Open Master"]
[Site "Benidorm ESP"]
[Date "2008.12.05"]
[Round "2.2"]
[White "Djingarova, Emilia"]
[Black "Delchev, Aleksander"]
[Result "0-1"]
[WhiteElo "2352"]
[BlackElo "2632"]
[PlyCount "82"]
[EventDate "2008.12.05"]
[EventType "swiss (rapid)"]
[EventRounds "11"]
[EventCountry "ESP"]
[Source "lmi"]
[SourceDate "2008.12.05"]

1. d4 Nf6 2. c4 g6 3. Nc3 d5 4. cxd5 Nxd5 5. e4 Nxc3 6. bxc3 Bg7 7. Bc4 c5 8.
Ne2 Nc6 9. Be3 O-O 10. Qd2 Qa5 11. Rd1 Rd8 12. O-O cxd4 13. cxd4 Qxd2 14. Rxd2
Na5 15. Bd3 Bd7 16. Rc1 Rac8 17. Rdc2 Rxc2 18. Rxc2 Nc6 19. Rb2 Bc8 20. Bc4
Nxd4 21. Nxd4 Bxd4 22. Rd2 e5 23. Kf1 Be6 24. Bxe6 fxe6 25. f4 Bb6 26. Rxd8+
Bxd8 27. Bxa7 exf4 28. Bb8 g5 29. h4 g4 30. Bxf4 Bxh4 31. Ke2 Kf7 32. Kd3 h5
33. a4 Bf2 34. Ke2 Bd4 35. Kd3 Bf2 36. Ke2 Bc5 37. Kd3 h4 38. Kc4 Bg1 39. Be5
h3 40. gxh3 gxh3 41. Kb5 Kg6 0-1

[Event "Benidorm 2008 - 5. Open Master"]
[Site "Benidorm ESP"]
[Date "2008.12.05"]
[Round "2.3"]
[White "Felgaer, Ruben"]
[Black "Kovacevic, Slobodan"]
[Result "1-0"]
[WhiteElo "2591"]
[BlackElo "2404"]
[PlyCount "133"]
[EventDate "2008.12.05"]
[EventType "swiss (rapid)"]
[EventRounds "11"]
[EventCountry "ESP"]
[Source "lmi"]
[SourceDate "2008.12.05"]

1. e4 c5 2. Nf3 e6 3. d4 cxd4 4. Nxd4 a6 5. Nc3 Qc7 6. g3 Bb4 7. Bd2 Nf6 8. Bg2
O-O 9. O-O Be7 10. a4 d6 11. f4 Nbd7 12. Kh1 Rb8 13. a5 Re8 14. g4 g6 15. g5
Nh5 16. Bf3 Nxf4 17. Bxf4 e5 18. Nd5 Qd8 19. Bg3 exd4 20. Qxd4 Ne5 21. Bxe5
dxe5 22. Qxe5 Be6 23. Rad1 Bxg5 24. Nc7 Qe7 25. Nxe8 Rxe8 26. Qd6 Qf6 27. e5
Qf4 28. Bxb7 Qh4 29. Qd4 Qh6 30. Bd5 Rd8 31. Bxe6 Rxd4 32. Bxf7+ Kg7 33. Rxd4
Qh3 34. Bc4 Qe3 35. Rd7+ Kh6 36. Bd5 Qxe5 37. b4 Be7 38. Bg2 Bxb4 39. Rd5 Qc7
40. Rd4 Bxa5 41. Rh4+ Kg5 42. Rh3 Qxc2 43. Rxh7 Bc7 44. Re7 Bb8 45. Rg1 Kh6 46.
Re3 Bf4 47. Rh3+ Kg7 48. Rf3 Be5 49. Re1 Qb2 50. Rfe3 Bd6 51. Rd3 Qb4 52. Red1
Be5 53. Rd7+ Kh6 54. R7d3 a5 55. Re3 Qc5 56. Rh3+ Kg5 57. Be4 Qc8 58. Rg1+ Kf4
59. Rh4+ Ke3 60. Bxg6 Qc6+ 61. Re4+ Kf2 62. Rg2+ Kf1 63. Rg1+ Kf2 64. Rg2+ Kf1
65. Ree2 Bd4 66. Bd3 Qc3 67. Re3+ 1-0

[Event "Benidorm 2008 - 5. Open Master"]
[Site "Benidorm ESP"]
[Date "2008.12.05"]
[Round "3.1"]
[White "Fargere, Francois"]
[Black "Dreev, Alexey"]
[Result "1-0"]
[WhiteElo "2444"]
[BlackElo "2670"]
[PlyCount "115"]
[EventDate "2008.12.05"]
[EventType "swiss (rapid)"]
[EventRounds "11"]
[EventCountry "ESP"]
[Source "lmi"]
[SourceDate "2008.12.05"]

1. e4 c5 2. Nf3 Nc6 3. Bb5 d6 4. O-O Bd7 5. Re1 Nf6 6. h3 Ne5 7. Bxd7+ Nfxd7 8.
Nxe5 Nxe5 9. b3 g5 10. Bb2 Bg7 11. Nc3 h5 12. Nd5 e6 13. Ne3 g4 14. Rb1 Qh4 15.
Nc4 gxh3 16. g3 Qe7 17. Bxe5 Bxe5 18. Nxe5 dxe5 19. Kh2 O-O-O 20. d3 Rdg8 21.
Qf3 h4 22. g4 Qg5 23. Kxh3 Rh6 24. Rg1 Rf6 25. Qe3 Qxe3+ 26. fxe3 Rf3+ 27. Kxh4
Rg7 28. g5 Rxe3 29. Rg2 Kd7 30. Rbg1 Rh7+ 31. Kg4 Ke7 32. Rg3 Re2 33. R3g2 Rh2
34. Kg3 Rexg2+ 35. Rxg2 Rh1 36. a4 Kf8 37. Rh2 Rg1+ 38. Rg2 Rc1 39. Kf3 Kg7 40.
Ke3 Rh1 41. Kd2 Kg6 42. Kc3 Rh5 43. Kc4 Rxg5 44. Re2 f5 45. exf5+ exf5 46. Rxe5
f4 47. Re1 f3 48. Rf1 Rf5 49. d4 Kg5 50. d5 Kf4 51. d6 Rf7 52. Kd5 Rh7 53. Ke6
Rh6+ 54. Ke7 Rh7+ 55. Kd8 Ke5 56. d7 Kd6 57. Rd1+ Kc6 58. Kc8 1-0

[Event "Benidorm 2008 - 5. Open Master"]
[Site "Benidorm ESP"]
[Date "2008.12.05"]
[Round "3.2"]
[White "Delchev, Aleksander"]
[Black "Suba, Mihai"]
[Result "1-0"]
[WhiteElo "2632"]
[BlackElo "2531"]
[PlyCount "83"]
[EventDate "2008.12.05"]
[EventType "swiss (rapid)"]
[EventRounds "11"]
[EventCountry "ESP"]
[Source "lmi"]
[SourceDate "2008.12.05"]

1. d4 Nf6 2. c4 e6 3. Nf3 Bb4+ 4. Nbd2 b6 5. a3 Bxd2+ 6. Qxd2 Bb7 7. e3 d6 8.
Be2 Nbd7 9. O-O O-O 10. b4 a5 11. Bb2 Qe7 12. Qc2 Be4 13. Qc3 h6 14. Nd2 Bb7
15. f3 c5 16. Rfd1 Rfc8 17. Qb3 Ba6 18. Bf1 d5 19. dxc5 bxc5 20. b5 Bb7 21. a4
Nb6 22. Rac1 Ne8 23. Ba3 Nd6 24. cxd5 Bxd5 25. Qc2 e5 26. e4 Be6 27. Bxc5 Qg5
28. Qd3 Ndc4 29. Nxc4 Nxc4 30. Rxc4 Rd8 31. Qc2 Rxd1 32. Qxd1 Rd8 33. Qc1 Bxc4
34. Qxg5 Rd1 35. Qd8+ Rxd8 36. Bxc4 Rd1+ 37. Bf1 Rb1 38. Bb6 Rb4 39. Bxa5 Rxa4
40. Bc7 f6 41. b6 Rb4 42. Ba6 1-0

[Event "Benidorm 2008 - 5. Open Master"]
[Site "Benidorm ESP"]
[Date "2008.12.05"]
[Round "3.3"]
[White "Reyes, Juan"]
[Black "Felgaer, Ruben"]
[Result "1/2-1/2"]
[WhiteElo "2435"]
[BlackElo "2591"]
[PlyCount "92"]
[EventDate "2008.12.05"]
[EventType "swiss (rapid)"]
[EventRounds "11"]
[EventCountry "ESP"]
[Source "lmi"]
[SourceDate "2008.12.05"]

1. e4 c5 2. Nf3 e6 3. d3 Nc6 4. g3 g6 5. Bg2 Bg7 6. O-O Nge7 7. c3 O-O 8. Re1
e5 9. a3 d6 10. b4 h6 11. b5 Na5 12. c4 f5 13. Nc3 Rb8 14. Rb1 b6 15. Bd2 Nb7
16. Qa4 f4 17. gxf4 Bg4 18. Nd5 Nxd5 19. exd5 exf4 20. Re6 Bxe6 21. dxe6 g5 22.
h3 h5 23. Nh2 Na5 24. Bxa5 bxa5 25. Bd5 Kh8 26. Qd1 Qe8 27. Qe2 Be5 28. Nf3 Bf6
29. Qe4 Qe7 30. Qe2 Qg7 31. Nh2 Qh7 32. Be4 Qh6 33. Bc6 Be7 34. Re1 Rf6 35. Bf3
Rg8 36. Bxh5 g4 37. Bxg4 Qxh3 38. Kh1 Qh4 39. f3 Rxg4 40. fxg4 f3 41. Qd2 d5
42. Re5 Rh6 43. Rh5 Qxh5 44. gxh5 dxc4 45. dxc4 Kg7 46. Nxf3 Kf6 1/2-1/2

[Event "Benidorm 2008 - 5. Open Master"]
[Site "Benidorm ESP"]
[Date "2008.12.06"]
[Round "4.1"]
[White "Fontaine, Robert"]
[Black "Delchev, Aleksander"]
[Result "0-1"]
[PlyCount "72"]
[EventDate "2008.12.05"]
[EventType "swiss (rapid)"]
[EventRounds "11"]
[EventCountry "ESP"]
[Source "lmi"]
[SourceDate "2008.12.05"]
[WhiteElo "2546"]
[BlackElo "2632"]

1. Nf3 Nf6 2. c4 e6 3. Nc3 Bb4 4. g4 d6 5. g5 Bxc3 6. dxc3 Nfd7 7. h4 e5 8. Qc2
Nc5 9. Be3 Qe7 10. O-O-O Bd7 11. Bxc5 dxc5 12. Bh3 Bxh3 13. Rxh3 Nd7 14. Qa4 c6
15. Nd2 O-O 16. Qc2 f5 17. gxf6 Nxf6 18. Rg1 Kh8 19. h5 e4 20. Re3 Rae8 21. h6
g6 22. f3 Qe5 23. fxe4 Qh2 24. Nf3 Qf4 25. Qd2 Nxe4 26. Rxe4 Rxe4 27. Qxf4
Rfxf4 28. Rd1 Kg8 29. Rd7 Rxe2 30. Kd1 Rg2 31. Ne1 Rxb2 32. Rg7+ Kh8 33. Re7
Rf8 34. Nd3 Rf1+ 35. Ne1 Rb1+ 36. Kd2 Rbxe1 0-1

[Event "Benidorm 2008 - 5. Open Master"]
[Site "Benidorm ESP"]
[Date "2008.12.06"]
[Round "4.3"]
[White "Felgaer, Ruben"]
[Black "Colovic, Aleksandar"]
[Result "1/2-1/2"]
[PlyCount "54"]
[EventDate "2008.12.05"]
[EventType "swiss (rapid)"]
[EventRounds "11"]
[EventCountry "ESP"]
[Source "lmi"]
[SourceDate "2008.12.05"]
[WhiteElo "2591"]
[BlackElo "2458"]

1. e4 e5 2. Nf3 Nf6 3. Nxe5 d6 4. Nc4 Nxe4 5. Qe2 Qe7 6. Ne3 c6 7. c4 g6 8. Nc3
Nxc3 9. dxc3 Bg7 10. Nc2 Nd7 11. Qxe7+ Kxe7 12. Bf4 Be5 13. Be3 c5 14. Be2 Nb6
15. Bg5+ Bf6 16. Bxf6+ Kxf6 17. O-O-O Rd8 18. Ne3 Be6 19. Rd2 Rd7 20. Rhd1 Rad8
21. b3 d5 22. Ng4+ Ke7 23. Ne5 Rd6 24. cxd5 Rxd5 25. Bf3 Rxd2 26. Rxd2 Rxd2 27.
Kxd2 Kd6 1/2-1/2

[Event "Benidorm 2008 - 5. Open Master"]
[Site "Benidorm ESP"]
[Date "2008.12.06"]
[Round "5.2"]
[White "Dreev, Alexey"]
[Black "Kogan, Artur"]
[Result "1-0"]
[PlyCount "139"]
[EventDate "2008.12.05"]
[EventType "swiss (rapid)"]
[EventRounds "11"]
[EventCountry "ESP"]
[Source "lmi"]
[SourceDate "2008.12.05"]
[WhiteElo "2670"]
[BlackElo "2561"]

1. d4 d5 2. c4 dxc4 3. Nf3 Nf6 4. Qa4+ c6 5. Qxc4 Bg4 6. Nbd2 e6 7. g3 Nbd7 8.
Bg2 Be7 9. O-O O-O 10. Qb3 Qb6 11. Nc4 Qa6 12. Bf4 Nd5 13. Bd2 c5 14. Ne3 Nxe3
15. Qxe3 cxd4 16. Qxd4 Nf6 17. Rfe1 Rfd8 18. Qf4 Bd6 19. Qg5 h6 20. Qa5 Qxa5
21. Bxa5 b6 22. Bc3 Nd5 23. Nd4 Rac8 24. Bxd5 exd5 25. Rad1 Bc5 26. f3 Bd7 27.
Kg2 Ba4 28. Rd2 Bxd4 29. Rxd4 Rc4 30. g4 Rxd4 31. Bxd4 Rc8 32. Bc3 Bb5 33. e3
Bc4 34. a3 f6 35. h4 Kf7 36. Kg3 Re8 37. Bd4 Rc8 38. h5 Bb3 39. Bc3 a5 40. Rg1
a4 41. Kf2 b5 42. Kg3 Re8 43. Kf4 Rc8 44. Re1 Rc4+ 45. Kg3 Rc6 46. Ra1 Rc4 47.
Kf2 Rc6 48. Ke2 Bc4+ 49. Kd2 Re6 50. Rg1 g5 51. hxg6+ Kxg6 52. Rh1 f5 53. gxf5+
Kxf5 54. Rh5+ Kg6 55. Rh2 Kf5 56. Bd4 Rg6 57. Rh5+ Ke6 58. f4 Kf7 59. Kc3 Rc6
60. Rf5+ Kg6 61. Rf8 Bf1+ 62. Kb4 Bd3 63. Rd8 Bc4 64. Rg8+ Kf5 65. Rf8+ Ke4 66.
f5 h5 67. f6 Rc7 68. Re8+ Kf5 69. Re7 Rc8 70. f7 1-0

[Event "Benidorm 2008 - 5. Open Master"]
[Site "Benidorm ESP"]
[Date "2008.12.06"]
[Round "5.3"]
[White "Granero Roca, Antonio"]
[Black "Felgaer, Ruben"]
[Result "0-1"]
[PlyCount "190"]
[EventDate "2008.12.05"]
[EventType "swiss (rapid)"]
[EventRounds "11"]
[EventCountry "ESP"]
[Source "lmi"]
[SourceDate "2008.12.05"]
[WhiteElo "2375"]
[BlackElo "2591"]

1. d4 d5 2. c4 c6 3. Nf3 Nf6 4. Nc3 dxc4 5. a4 Bf5 6. Ne5 Nbd7 7. Nxc4 Nb6 8.
Ne5 a5 9. f3 Nfd7 10. Nxd7 Nxd7 11. e4 Bg6 12. Be3 Qb6 13. Qd2 e5 14. d5 Bc5
15. Bxc5 Nxc5 16. Bc4 O-O 17. Qe2 Kh8 18. g4 f6 19. Kf1 Bf7 20. Kg2 Rac8 21.
Rhd1 Qb4 22. Ra3 Rfd8 23. Na2 Qb6 24. Nc3 Bg8 25. Rd2 Qb4 26. Na2 Qb6 27. Nc3
Rd7 28. Ra1 Rcd8 29. Rad1 h6 30. Ba2 Qb4 31. Qc4 cxd5 32. exd5 Ne6 33. Qxb4
axb4 34. Ne4 Nd4 35. Rxd4 exd4 36. Rxd4 Bxd5 37. Bxd5 Rxd5 38. Rxb4 R8d7 39.
Kg3 Rd4 40. Rb6 Rc7 41. a5 Ra4 42. Rb5 Rc2 43. Nd6 Ra2 44. Rxb7 Rcxb2 45. a6
Rg2+ 46. Kf4 Rxa6 47. Nf5 g5+ 48. Ke4 Rxh2 49. Rb8+ Kh7 50. Rb7+ Kh8 51. Rb8+
Kh7 52. Rb7+ Kg8 53. Rb8+ Kf7 54. Rb7+ Kf8 55. Rb8+ Kf7 56. Rb7+ Ke8 57. Ng7+
Kd8 58. Kf5 Rf2 59. Rb8+ Ke7 60. Rb7+ Kd8 61. Rb8+ Kc7 62. Rb3 Kd7 63. Rb7+ Kc6
64. Rb3 Ra4 65. Ne6 Kd6 66. Rb6+ Kd5 67. Rb3 Kd6 68. Rb6+ Ke7 69. Rb7+ Ke8 70.
Rb3 Ke7 71. Rb7+ Kd6 72. Rb6+ Kd5 73. Rb3 Kd6 74. Rb6+ Kd5 75. Rb5+ Kc4 76.
Rc5+ Kb4 77. Kxf6 Rxf3+ 78. Kg6 Re3 79. Rc6 Kb5 80. Rd6 Rae4 81. Nd4+ Kc5 82.
Nf5 Rf3 83. Ra6 Rxg4 84. Nxh6 Rg1 85. Ra5+ Kd4 86. Rxg5 Ra1 87. Nf5+ Ke4 88.
Nd6+ Kd4 89. Nf5+ Ke4 90. Nd6+ Ke3 91. Re5+ Kd4 92. Rf5 Rg3+ 93. Kf7 Ra7+ 94.
Ke6 Re3+ 95. Kf6 Ra6 0-1

[Event "Benidorm 2008 - 5. Open Master"]
[Site "Benidorm ESP"]
[Date "2008.12.06"]
[Round "6.1"]
[White "Ubilava, Elizbar"]
[Black "Moskalenko, Viktor"]
[Result "1/2-1/2"]
[PlyCount "36"]
[EventDate "2008.12.05"]
[EventType "swiss (rapid)"]
[EventRounds "11"]
[EventCountry "ESP"]
[Source "lmi"]
[SourceDate "2008.12.05"]
[WhiteElo "2551"]
[BlackElo "2568"]

1. Nf3 Nf6 2. c4 c6 3. d4 d5 4. Nc3 dxc4 5. a4 Bf5 6. e3 e6 7. Bxc4 Bb4 8. O-O
Nbd7 9. Qe2 O-O 10. e4 Bg6 11. e5 Nd5 12. Nxd5 cxd5 13. Bd3 Be7 14. Bd2 Nb8 15.
Bxg6 fxg6 16. Qb5 Qc7 17. Ba5 Qc8 18. Bb4 Bxb4 1/2-1/2

[Event "Benidorm 2008 - 5. Open Master"]
[Site "Benidorm ESP"]
[Date "2008.12.06"]
[Round "6.2"]
[White "Strikovic, Aleksa"]
[Black "Andreev, Afrikan"]
[Result "0-1"]
[PlyCount "52"]
[EventDate "2008.12.05"]
[EventType "swiss (rapid)"]
[EventRounds "11"]
[EventCountry "ESP"]
[Source "lmi"]
[SourceDate "2008.12.05"]
[WhiteElo "2533"]
[BlackElo "2293"]

1. e4 d5 2. exd5 Qxd5 3. d4 c5 4. c3 g6 5. dxc5 Qxc5 6. Na3 a6 7. Be3 Qc7 8.
Nc4 Nd7 9. a4 Bg7 10. a5 Ngf6 11. Nf3 O-O 12. Nb6 Nxb6 13. Bxb6 Qc6 14. Be2 Nd5
15. Bd4 Nf4 16. Bxg7 Nxg2+ 17. Kf1 Bh3 18. Kg1 Kxg7 19. Qd4+ f6 20. Ra4 e5 21.
Qe4 Nf4 22. Bf1 Bd7 23. Rb4 Qxe4 24. Rxe4 Bc6 25. Re3 Rad8 26. h4 Nd5 0-1

[Event "Benidorm 2008 - 5. Open Master"]
[Site "Benidorm ESP"]
[Date "2008.12.08"]
[Round "9.4"]
[White "Fontaine, Robert"]
[Black "Dreev, Alexey"]
[Result "1/2-1/2"]
[PlyCount "57"]
[EventDate "2008.12.05"]
[EventType "swiss (rapid)"]
[EventRounds "11"]
[EventCountry "ESP"]
[Source "lmi"]
[SourceDate "2008.12.05"]
[WhiteElo "2546"]
[BlackElo "2670"]

1. d4 d5 2. c4 c6 3. Nf3 Nf6 4. e3 Bf5 5. Nc3 e6 6. Nh4 Bg6 7. Be2 Nbd7 8. O-O
Bd6 9. g3 Qe7 10. Nxg6 hxg6 11. b3 O-O 12. Bf3 Bb4 13. Bd2 Rfd8 14. Bg2 e5 15.
Re1 e4 16. cxd5 Bxc3 17. Bxc3 Nxd5 18. Bd2 f5 19. b4 g5 20. a4 g6 21. b5 c5 22.
Qb3 Qf7 23. Rac1 N5b6 24. a5 Nd5 25. Bf1 Rac8 26. Bc4 N7f6 27. dxc5 Rxc5 28.
Bb4 Rcc8 29. Red1 1/2-1/2

[Event "Benidorm 2008 - 5. Open Master"]
[Site "Benidorm ESP"]
[Date "2008.12.08"]
[Round "9.5"]
[White "Reyes, Juan"]
[Black "Moskalenko, Viktor"]
[Result "1/2-1/2"]
[PlyCount "25"]
[EventDate "2008.12.05"]
[EventType "swiss (rapid)"]
[EventRounds "11"]
[EventCountry "ESP"]
[Source "lmi"]
[SourceDate "2008.12.05"]
[WhiteElo "2435"]
[BlackElo "2568"]

1. e4 e6 2. d3 d5 3. Nd2 c5 4. Ngf3 Nc6 5. g3 g6 6. Bg2 Bg7 7. O-O Nge7 8. Re1
h6 9. c3 b6 10. d4 cxd4 11. Nxd4 Nxd4 12. cxd4 O-O 13. e5 1/2-1/2

[Event "Benidorm 2008 - 5. Open Master"]
[Site "Benidorm ESP"]
[Date "2008.12.08"]
[Round "9.6"]
[White "Felgaer, Ruben"]
[Black "Strikovic, Aleksa"]
[Result "0-1"]
[PlyCount "92"]
[EventDate "2008.12.05"]
[EventType "swiss (rapid)"]
[EventRounds "11"]
[EventCountry "ESP"]
[Source "lmi"]
[SourceDate "2008.12.05"]
[WhiteElo "2591"]
[BlackElo "2533"]

1. e4 d6 2. d4 Nf6 3. Nc3 e5 4. Nf3 Nbd7 5. Bc4 Be7 6. O-O Nb6 7. Be2 exd4 8.
Nxd4 O-O 9. f4 c6 10. Kh1 Re8 11. Bf3 Bf8 12. b3 Nbd7 13. Nf5 Nc5 14. Ng3 g6
15. Bb2 Bg7 16. Qd2 h5 17. b4 Na6 18. a3 h4 19. Nge2 h3 20. g3 Bg4 21. Bxg4
Nxg4 22. Ng1 d5 23. Nxh3 dxe4 24. Qe2 f5 25. Ng5 Nc7 26. Rad1 Qe7 27. h3 Nf6
28. Na4 b5 29. Bxf6 Bxf6 30. Nc5 Nd5 31. Nge6 Nc3 32. Qe3 Nxd1 33. Rxd1 Qf7 34.
Rd6 Be7 35. Rxc6 Bxc5 36. Nxc5 Rad8 37. Kg2 Qd5 38. Rxg6+ Kh7 39. Rf6 Qd2+ 40.
Qxd2 Rxd2+ 41. Kf1 e3 42. Ke1 Rg8 43. Rf7+ Kh8 44. g4 fxg4 45. Ne4 gxh3 46. Ng5
Rxg5 0-1

[Event "Benidorm 2008 - 5. Open Master"]
[Site "Benidorm ESP"]
[Date "2008.12.10"]
[Round "10.5"]
[White "Dreev, Alexey"]
[Black "Reyes, Juan"]
[Result "1-0"]
[PlyCount "149"]
[EventDate "2008.12.05"]
[EventType "swiss (rapid)"]
[EventRounds "11"]
[EventCountry "ESP"]
[Source "lmi"]
[SourceDate "2008.12.05"]
[WhiteElo "2670"]
[BlackElo "2435"]

1. d4 Nf6 2. c4 g6 3. Nc3 Bg7 4. e4 d6 5. f3 O-O 6. Nge2 a6 7. Be3 Nc6 8. Qd2
Rb8 9. Rc1 Bd7 10. Nd1 e5 11. d5 Ne7 12. Nf2 Ne8 13. g3 c5 14. b4 b6 15. Bg2 f5
16. a3 Nf6 17. O-O Nh5 18. Rb1 Kh8 19. Nd3 fxe4 20. fxe4 Ng8 21. Rxf8 Qxf8 22.
h3 Qc8 23. Kh2 Nhf6 24. Qb2 Ra8 25. bxc5 bxc5 26. Qb6 Ne8 27. Ng1 Nh6 28. Nf3
Nf7 29. Qb7 Kg8 30. Qxc8 Bxc8 31. Bf1 Nf6 32. Nd2 Bh6 33. Bxh6 Nxh6 34. Rb6 Nf7
35. Nxc5 dxc5 36. Rxf6 Rb8 37. Nf3 Rb3 38. Bg2 Rxa3 39. Rc6 Bd7 40. Rxc5 Rc3
41. Rc7 Ba4 42. c5 Bd1 43. Ne1 Re3 44. c6 Rxe1 45. Ra7 Ba4 46. Rxa6 Bxc6 47.
Rxc6 Re2 48. Kg1 Rd2 49. Re6 Kg7 50. h4 Rd3 51. Kf2 Rd2+ 52. Kf1 Rd3 53. Kf2
Rd2+ 54. Kg1 Rd3 55. Kh2 Nh6 56. Bh3 Rd2+ 57. Kg1 Rd3 58. Re7+ Kh8 59. Kf2 Ng8
60. Rxe5 Nf6 61. Re7 Rd2+ 62. Ke3 Rd1 63. Ke2 Rd4 64. d6 Rxd6 65. e5 Rb6 66.
exf6 Rxf6 67. Be6 h5 68. Bd5 Rd6 69. Be4 Rf6 70. Ke3 Kg8 71. Re5 Kg7 72. Rg5
Kh6 73. Rxg6+ Rxg6 74. Bxg6 Kxg6 75. Ke4 1-0

[Event "Benidorm 2008 - 5. Open Master"]
[Site "Benidorm ESP"]
[Date "2008.12.10"]
[Round "10.6"]
[White "Moskalenko, Viktor"]
[Black "Fargere, Francois"]
[Result "1-0"]
[PlyCount "107"]
[EventDate "2008.12.05"]
[EventType "swiss (rapid)"]
[EventRounds "11"]
[EventCountry "ESP"]
[Source "lmi"]
[SourceDate "2008.12.05"]
[WhiteElo "2568"]
[BlackElo "2444"]

1. d4 d5 2. c4 c6 3. Nf3 Nf6 4. Nc3 a6 5. e3 b5 6. b3 Bg4 7. h3 Bxf3 8. gxf3
Nbd7 9. f4 e6 10. c5 Ne4 11. Nxe4 dxe4 12. a4 Nf6 13. Bg2 Rc8 14. axb5 axb5 15.
Qc2 Qd5 16. O-O Be7 17. Ra7 g6 18. f3 exf3 19. Bxf3 Qd8 20. Qg2 Nd5 21. e4 Nf6
22. Be3 O-O 23. e5 Nd5 24. Bxd5 cxd5 25. Rfa1 Rc7 26. Qe2 b4 27. Rxc7 Qxc7 28.
Qa6 Bh4 29. Kg2 Kg7 30. Kf3 h5 31. Qa7 Qc6 32. Ra4 Qb5 33. Qa6 Qb8 34. Qa5 Be1
35. Ke2 Bc3 36. Bd2 Bxd2 37. Kxd2 Qb7 38. Qxb4 Qe7 39. Qc3 Qh4 40. Qe3 f6 41.
Ra7+ Kh6 42. Kc3 fxe5 43. fxe5+ g5 44. Re7 Rf4 45. Rxe6+ Kg7 46. Rf6 Re4 47.
Qf2 Qxh3+ 48. Kb2 Qd7 49. c6 Qa7 50. Qd2 Kh7 51. Rd6 Qb6 52. Rd7+ Kg6 53. c7
Qc6 54. Rd6+ 1-0